Sanat - Mä elän vieläkin - Pate Mustajärvi - Statistics

Yleistilastot
  • Tätä visaa on pelattu 76 kertaa
  • Keskiarvotulos 101 / 141
Vastaustilastot
Answers % Oikein
100%
100%
sain
98%
Sain
98%
elän
95%
vielä
95%
vieläkin
95%
vei
93%
ja
90%
puukkojunkkarin
90%
tapoin
90%
maineen
88%
miehen
88%
itseäni
85%
puolustin
85%
Se
85%
sotamies
85%
en
83%
jäi
83%
Jouduin
83%
kaukopartioon
83%
olin
83%
Vaik'
83%
ei
80%
kuolemaan
80%
päällä
80%
suostu
80%
jäin
78%
mut
78%
Mut
78%
Petsamoon
78%
Rintamalle
78%
tukkien
78%
Siperiaan
75%
lailla
73%
makaamaan
73%
Olavin
73%
Tanssin
73%
hankeen
70%
katkaistiin
70%
kotiin
70%
kultaa
70%
minut
70%
myös
70%
puita
70%
ruumiini
70%
uitin
70%
väijytykseen
70%
vihollisen
70%
Virran
70%
juna
68%
Kruunun
68%
kyyti
68%
päin
68%
rata
68%
timantin
68%
vain
68%
alta
65%
kuningas
65%
kuulan
65%
monen
65%
neidon
65%
ryhmä
65%
soi
65%
tultiin
65%
Vein
65%
Me
63%
palasi
63%
rintaani
63%
sydämen
63%
parrun
58%
multa
55%
kukaan
53%
Mua
53%
mun
53%
murtui
53%
nähnyt
53%
Pato
53%
vaikka
53%
palaan
50%
sinne
50%
takaisin
50%
viina
50%
levyt
48%
aikaisin
43%
Koskaan
43%
liian
43%
panostin
43%
revittiin
43%
sanonut
43%
tukit
43%
auki
40%
paloi
40%
sieltä
40%
kenellekään
38%
Lanka
38%
loppuun
38%
nousin
38%
palata
38%
voi
38%
yksin
38%
seisoi
35%
tähtiin
35%
Suma
30%
Ehtoja vastaavia visoja ei löytynyt
Tulosjakauma
Jokaisen tuloksen saaneiden osuus
Persentiili vastausten määrän mukaan
Tuloshistoriasi
Et ole pelannut tätä visaa